[Event "4. Torneo de Promoción C.A. Mar Menor"]
[Site "San Pedro del Pinatar ESP"]
[Date "2013.01.12"]
[Round "3.5"]
[White "Castilla Leon Salas, Carlos"]
[Black "Serarols Mabras, Bernat"]
[Result "1/2-1/2"]
[WhiteElo "2127"]
[BlackElo "2023"]
[PlyCount "81"]
[EventDate "2013.01.11"]
[EventType "swiss"]
[EventRounds "7"]
[EventCountry "ESP"]
[Source "lmi"]
[SourceDate "2013.01.11"]

1. d4 Nf6 2. c4 e6 3. Nc3 Bb4 4. e3 d5 5. a3 Bd6 6. c5 Be7 7. f4 c6 8. Nf3 b6
9. b4 O-O 10. Bd3 a5 11. Rb1 Ba6 12. O-O Ne4 13. Na4 Bxd3 14. Qxd3 b5 15. Nc3
axb4 16. axb4 f5 17. Ne5 Bf6 18. Bd2 Bxe5 19. dxe5 Nxc3 20. Qxc3 Rf7 21. Ra1
Rfa7 22. Rxa7 Rxa7 23. Ra1 Qc7 24. Ra3 Qb7 25. Qa1 Rxa3 26. Qxa3 Qa6 27. Qxa6
Nxa6 28. Kf2 Kf7 29. Kf3 Nc7 30. h3 h6 31. h4 Kg6 32. g3 Kh5 33. Bc3 g5 34.
hxg5 hxg5 35. Be1 gxf4 36. gxf4 d4 37. exd4 Nd5 38. Bd2 Kh4 39. Be1+ Kh3 40.
Bd2 Kh2 41. Kf2 1/2-1/2

[Event "4. Torneo de Promoción C.A. Mar Menor"]
[Site "San Pedro del Pinatar ESP"]
[Date "2013.01.12"]
[Round "3.6"]
[White "Cartagena Sanchez, Javier"]
[Black "Barrios Muñoz, Rafael Carlos"]
[Result "0-1"]
[WhiteElo "2025"]
[BlackElo "2126"]
[PlyCount "48"]
[EventDate "2013.01.11"]
[EventType "swiss"]
[EventRounds "7"]
[EventCountry "ESP"]
[Source "lmi"]
[SourceDate "2013.01.11"]

1. e4 d6 2. Bc4 Nf6 3. d3 g6 4. f4 c6 5. Bb3 Bg7 6. Nf3 Nbd7 7. c3 Nc5 8. Bc2
O-O 9. O-O b6 10. Nbd2 Ba6 11. Nb3 Qc7 12. Re1 Rad8 13. f5 e6 14. d4 Ncd7 15.
fxe6 fxe6 16. Ng5 Rde8 17. e5 dxe5 18. dxe5 Nxe5 19. Bf4 Nh5 20. Bxe5 Bxe5 21.
Nf3 Rxf3 22. Qxf3 Bxh2+ 23. Kh1 Bg3 24. Rg1 Rf8 0-1

[Event "4. Torneo de Promoción C.A. Mar Menor"]
[Site "San Pedro del Pinatar ESP"]
[Date "2013.01.12"]
[Round "3.7"]
[White "Jimenez De La Torre, Jose A"]
[Black "Martinez Vicente, Gregorio"]
[Result "0-1"]
[WhiteElo "2101"]
[BlackElo "1997"]
[PlyCount "102"]
[EventDate "2013.01.11"]
[EventType "swiss"]
[EventRounds "7"]
[EventCountry "ESP"]
[Source "lmi"]
[SourceDate "2013.01.11"]

1. e4 g6 2. d4 Bg7 3. Nc3 d6 4. f4 Nf6 5. e5 dxe5 6. dxe5 Qxd1+ 7. Kxd1 Ng4 8.
Ke1 c6 9. Nf3 Nd7 10. h3 Nh6 11. g4 Nb6 12. Bd3 f5 13. g5 Nf7 14. Be3 Be6 15.
Nd4 Nd8 16. Nxe6 Nxe6 17. Kf2 O-O-O 18. a4 Nc7 19. Kf3 Kb8 20. h4 Nbd5 21. Nxd5
Nxd5 22. Bd2 h5 23. gxh6 Rxh6 24. Rag1 e6 25. Rg5 Rdh8 26. Rhg1 Rxh4 27. Rxg6
Bh6 28. Rg8+ Rxg8 29. Rxg8+ Kc7 30. Rh8 Rh2 31. Rh7+ Kc8 32. Bc4 Bxf4 33. Bxd5
cxd5 34. Rxh2 Bxh2 35. Bc3 Bg1 36. b4 a6 37. Kf4 b5 38. axb5 axb5 39. Kg5 Kd7
40. Bd2 Bh2 41. Bc3 Bg3 42. Bd4 Ke7 43. Kh5 Kf7 44. Kg5 Kg7 45. Kh5 Be1 46. Bc5
Bd2 47. Bd6 f4 48. Kg4 Kg6 49. Bc5 f3 50. Kxf3 Kf5 51. Ke2 Bc3 0-1

[Event "4. Torneo de Promoción C.A. Mar Menor"]
[Site "San Pedro del Pinatar ESP"]
[Date "2013.01.12"]
[Round "3.8"]
[White "Blesa Fernandez, Francisco"]
[Black "Diaz Rodriguez, Jose Antonio"]
[Result "1/2-1/2"]
[WhiteElo "1893"]
[BlackElo "2097"]
[PlyCount "62"]
[EventDate "2013.01.11"]
[EventType "swiss"]
[EventRounds "7"]
[EventCountry "ESP"]
[Source "lmi"]
[SourceDate "2013.01.11"]

1. d4 Nf6 2. c4 d6 3. Nc3 g6 4. e4 Bg7 5. f3 Nbd7 6. Be3 c5 7. Nge2 a6 8. Qd2
Qa5 9. Nc1 cxd4 10. Bxd4 Ne5 11. Nb3 Qb4 12. Nd5 Qxd2+ 13. Kxd2 Nxd5 14. cxd5
O-O 15. Rc1 e6 16. dxe6 Bxe6 17. f4 Bh6 18. g3 Bxb3 19. axb3 Nf3+ 20. Ke3 Nxd4
21. Kxd4 Bg7+ 22. Kd5 Bxb2 23. Rc7 b5 24. Kxd6 Rfe8 25. e5 Rad8+ 26. Kc6 Re6+
27. Kb7 Bd4 28. Rc6 Rd7+ 29. Rc7 Rd8 30. Rc6 Rd7+ 31. Rc7 Rd8 1/2-1/2

[Event "4. Torneo de Promoción C.A. Mar Menor"]
[Site "San Pedro del Pinatar ESP"]
[Date "2013.01.12"]
[Round "3.9"]
[White "Fabre Massana, Miquel"]
[Black "Lopez Heras, Santiago"]
[Result "1-0"]
[WhiteElo "2110"]
[BlackElo "1955"]
[PlyCount "75"]
[EventDate "2013.01.11"]
[EventType "swiss"]
[EventRounds "7"]
[EventCountry "ESP"]
[Source "lmi"]
[SourceDate "2013.01.11"]

1. e4 e6 2. d4 c5 3. Nf3 cxd4 4. Nxd4 Nc6 5. Be2 Nf6 6. Nc3 Bb4 7. Qd3 d5 8.
Nxc6 bxc6 9. exd5 exd5 10. O-O O-O 11. Bg5 Qd6 12. Bh4 Qf4 13. Bg3 Qh6 14. a3
Bxc3 15. Qxc3 Ne4 16. Qa5 Nxg3 17. hxg3 Be6 18. Rad1 f5 19. Qd2 f4 20. gxf4
Rxf4 21. g3 Raf8 22. Qe3 R8f6 23. Bd3 Qh5 24. Be2 Qh3 25. Rfe1 Rh6 26. Bf3 Qh2+
27. Kf1 d4 28. Qxf4 Bh3+ 29. Ke2 Re6+ 30. Kd3 Qxf2 31. Rxe6 Bxe6 32. Be4 Bc4+
33. Kxc4 Qe2+ 34. Rd3 Qxc2+ 35. Kxd4 Qxb2+ 36. Ke3 Qc1+ 37. Ke2 Qc2+ 38. Qd2
1-0

[Event "4. Torneo de Promoción C.A. Mar Menor"]
[Site "San Pedro del Pinatar ESP"]
[Date "2013.01.12"]
[Round "4.1"]
[White "Barrios Muñoz, Rafael Carlos"]
[Black "Sanchez Botella, Luis Javier"]
[Result "0-1"]
[WhiteElo "2126"]
[BlackElo "2196"]
[PlyCount "82"]
[EventDate "2013.01.11"]
[EventType "swiss"]
[EventRounds "7"]
[EventCountry "ESP"]
[Source "lmi"]
[SourceDate "2013.01.11"]

1. d4 Nf6 2. Bg5 e6 3. e3 c5 4. c3 b6 5. Bd3 Bb7 6. Nf3 Be7 7. Nbd2 O-O 8. Qb1
h6 9. h4 cxd4 10. cxd4 Ba6 11. Bxf6 Bxf6 12. g4 Be7 13. Bh7+ Kh8 14. g5 Nc6 15.
a3 f5 16. Bg6 d5 17. b4 Bb5 18. Rg1 Bd6 19. a4 Bc4 20. Nxc4 dxc4 21. b5 Nb4 22.
gxh6 Nd3+ 23. Kf1 gxh6 24. Qd1 Qf6 25. Ne5 Qxh4 26. Nxd3 Qh3+ 27. Ke2 cxd3+ 28.
Qxd3 Rf6 29. e4 Qxd3+ 30. Kxd3 Rg8 31. e5 Bxe5 32. dxe5 Rfxg6 33. Rxg6 Rxg6 34.
Rc1 Kh7 35. Rc6 h5 36. Ke3 Kh6 37. f4 h4 38. Kf2 Kh5 39. Kf3 h3 40. Rc7 h2 41.
Rc1 Rg1 0-1

[Event "4. Torneo de Promoción C.A. Mar Menor"]
[Site "San Pedro del Pinatar ESP"]
[Date "2013.01.12"]
[Round "4.2"]
[White "Picazo Lopez, Juan Antonio"]
[Black "Moreno Valle, Agustin"]
[Result "0-1"]
[WhiteElo "2170"]
[BlackElo "2046"]
[PlyCount "62"]
[EventDate "2013.01.11"]
[EventType "swiss"]
[EventRounds "7"]
[EventCountry "ESP"]
[Source "lmi"]
[SourceDate "2013.01.11"]

1. d4 d5 2. c4 e6 3. cxd5 exd5 4. Nc3 Nf6 5. Bg5 Be7 6. e3 c6 7. Qc2 Nbd7 8.
Bd3 b6 9. Nge2 Bb7 10. O-O O-O 11. Rab1 h6 12. Bh4 c5 13. Rfd1 Ne4 14. Bxe7
Qxe7 15. Nf4 Nxc3 16. bxc3 c4 17. Bf1 Rfe8 18. Re1 Qd6 19. f3 Bc6 20. g3 Nf6
21. Bg2 g5 22. Nh3 g4 23. fxg4 Nxg4 24. e4 dxe4 25. Bxe4 Bxe4 26. Rxe4 Ne3 27.
Rxe8+ Rxe8 28. Qa4 Re7 29. Nf4 Nd5 30. Qxc4 Nxf4 31. gxf4 Qg6+ 0-1

[Event "4. Torneo de Promoción C.A. Mar Menor"]
[Site "San Pedro del Pinatar ESP"]
[Date "2013.01.12"]
[Round "4.3"]
[White "Martinez Vicente, Gregorio"]
[Black "Burriel, Carlos"]
[Result "0-1"]
[WhiteElo "1997"]
[BlackElo "2136"]
[PlyCount "58"]
[EventDate "2013.01.11"]
[EventType "swiss"]
[EventRounds "7"]
[EventCountry "ESP"]
[Source "lmi"]
[SourceDate "2013.01.11"]

1. c4 f5 2. Nf3 Nf6 3. b3 g6 4. Bb2 Bg7 5. g3 d6 6. Bg2 e5 7. d3 O-O 8. O-O Qe8
9. Nc3 h6 10. e4 f4 11. Nd5 Rf7 12. Nxf6+ Rxf6 13. d4 Nc6 14. dxe5 Rf7 15. e6
Bxe6 16. Bxg7 Kxg7 17. Nd4 Ne5 18. f3 Bd7 19. Qd2 Qf8 20. g4 Qe7 21. Rad1 Rh8
22. Ne2 Qg5 23. Kh1 h5 24. Bh3 Qh4 25. Ng1 g5 26. Qg2 hxg4 27. fxg4 Kg6 28. Rd5
f3 29. Qg3 Qxg3 0-1

[Event "4. Torneo de Promoción C.A. Mar Menor"]
[Site "San Pedro del Pinatar ESP"]
[Date "2013.01.12"]
[Round "4.4"]
[White "Hostalet Ferrer, Pedro Enrique"]
[Black "Castilla Leon Salas, Carlos"]
[Result "1/2-1/2"]
[WhiteElo "2032"]
[BlackElo "2127"]
[PlyCount "90"]
[EventDate "2013.01.11"]
[EventType "swiss"]
[EventRounds "7"]
[EventCountry "ESP"]
[Source "lmi"]
[SourceDate "2013.01.11"]

1. d4 Nf6 2. c4 c5 3. e3 g6 4. Nc3 Bg7 5. Nf3 O-O 6. Be2 d6 7. O-O a6 8. e4
cxd4 9. Nxd4 Nc6 10. Be3 Bd7 11. f3 Rc8 12. Qd2 Re8 13. Rfd1 Qa5 14. a3 Ne5 15.
b3 b5 16. Nd5 Qxd2 17. Rxd2 Nxd5 18. cxd5 Rc3 19. Kf2 Rec8 20. Raa2 Kf8 21.
Rdc2 Ke8 22. Rxc3 Rxc3 23. Rc2 Ng4+ 24. fxg4 Bxd4 25. Rxc3 Bxc3 26. Bb6 a5 27.
Ke3 a4 28. bxa4 bxa4 29. Bd4 Ba5 30. h3 e5 31. dxe6 fxe6 32. e5 Bc7 33. Kf4 Kf7
34. h4 h6 35. g5 hxg5+ 36. hxg5 dxe5+ 37. Bxe5 Ba5 38. Ke4 Bd8 39. Kf4 Be7 40.
Bb2 Bd6+ 41. Ke4 Bc6+ 42. Ke3 Be7 43. Bf3 Bc5+ 44. Kf4 Be8 45. Be2 Bd6+ 1/2-1/2

[Event "4. Torneo de Promoción C.A. Mar Menor"]
[Site "San Pedro del Pinatar ESP"]
[Date "2013.01.12"]
[Round "4.5"]
[White "Verdaguer Muntanya, Marc"]
[Black "Garcia Sanz, Eduardo"]
[Result "1-0"]
[WhiteElo "2111"]
[BlackElo "2007"]
[PlyCount "95"]
[EventDate "2013.01.11"]
[EventType "swiss"]
[EventRounds "7"]
[EventCountry "ESP"]
[Source "lmi"]
[SourceDate "2013.01.11"]

1. e4 c5 2. Nf3 e6 3. Nc3 Nc6 4. d4 cxd4 5. Nxd4 Nf6 6. Ndb5 Bb4 7. a3 Bxc3+ 8.
Nxc3 d5 9. exd5 exd5 10. Bd3 d4 11. Ne2 O-O 12. O-O Bg4 13. Bg5 Qd6 14. Re1
Rad8 15. Qd2 Rfe8 16. Ng3 Ne7 17. h3 Bd7 18. Bf4 Qb6 19. Be5 Bc8 20. Qg5 h6 21.
Qf4 Ng6 22. Bxg6 fxg6 23. Bc7 Qxb2 24. Bxd8 Rxd8 25. Qc7 Rf8 26. Qc4+ Kh7 27.
Reb1 Qc3 28. Qxc3 dxc3 29. Rb3 Nd5 30. Rd1 Nb6 31. Rxc3 Re8 32. Rc7 Re5 33. c4
Be6 34. c5 Nc4 35. Rxb7 Rxc5 36. Rxa7 Rc6 37. Ne4 Bf5 38. Ng3 Nb2 39. Re1 Be6
40. a4 h5 41. Ne4 Bb3 42. Ng5+ Kh6 43. h4 Rc8 44. a5 Nd3 45. Ra1 Rf8 46. Ra3
Bc4 47. Rc3 Bb5 48. Rb7 1-0

[Event "4. Torneo de Promoción C.A. Mar Menor"]
[Site "San Pedro del Pinatar ESP"]
[Date "2013.01.12"]
[Round "4.6"]
[White "Serarols Mabras, Bernat"]
[Black "Fabre Massana, Miquel"]
[Result "1/2-1/2"]
[WhiteElo "2023"]
[BlackElo "2110"]
[PlyCount "38"]
[EventDate "2013.01.11"]
[EventType "swiss"]
[EventRounds "7"]
[EventCountry "ESP"]
[Source "lmi"]
[SourceDate "2013.01.11"]

1. d4 Nf6 2. c4 e5 3. dxe5 Ng4 4. Nf3 Bc5 5. e3 Nc6 6. Nc3 O-O 7. Be2 Re8 8.
O-O Ngxe5 9. Nxe5 Nxe5 10. b3 a5 11. Bb2 Ra6 12. Qd5 Bf8 13. Qd4 Rh6 14. Na4 b6
15. Rad1 Bb7 16. f4 Ng6 17. Bf3 Bxf3 18. Rxf3 d6 19. g3 Qe7 1/2-1/2

[Event "4. Torneo de Promoción C.A. Mar Menor"]
[Site "San Pedro del Pinatar ESP"]
[Date "2013.01.12"]
[Round "4.7"]
[White "Diaz Rodriguez, Jose Antonio"]
[Black "Delgado Lozano, Jose Manuel"]
[Result "1-0"]
[WhiteElo "2097"]
[BlackElo "1935"]
[PlyCount "67"]
[EventDate "2013.01.11"]
[EventType "swiss"]
[EventRounds "7"]
[EventCountry "ESP"]
[Source "lmi"]
[SourceDate "2013.01.11"]

1. e4 c6 2. d4 d5 3. exd5 cxd5 4. c4 e6 5. Nf3 Nf6 6. Nc3 Be7 7. Bd3 O-O 8. O-O
dxc4 9. Bxc4 a6 10. a4 Nc6 11. Re1 Qc7 12. Qe2 Rd8 13. Be3 Bb4 14. Rad1 Nd5 15.
Bxd5 Bxc3 16. bxc3 Rxd5 17. c4 Ra5 18. d5 Ne5 19. d6 Nxf3+ 20. Qxf3 Qd7 21. Qg3
f6 22. Bh6 g6 23. Qc3 Rh5 24. Bc1 e5 25. f4 Qxa4 26. fxe5 fxe5 27. Rd5 Be6 28.
Rdxe5 Qxc4 29. Qe3 Bf7 30. Bb2 Qc6 31. Rxh5 gxh5 32. Qg5+ Bg6 33. Qf6 Qc5+ 34.
Kh1 1-0

[Event "4. Torneo de Promoción C.A. Mar Menor"]
[Site "San Pedro del Pinatar ESP"]
[Date "2013.01.12"]
[Round "4.8"]
[White "Sabater Sanchez, Asensio"]
[Black "Blesa Fernandez, Francisco"]
[Result "1-0"]
[WhiteElo "2127"]
[BlackElo "1893"]
[PlyCount "55"]
[EventDate "2013.01.11"]
[EventType "swiss"]
[EventRounds "7"]
[EventCountry "ESP"]
[Source "lmi"]
[SourceDate "2013.01.11"]

1. e4 e6 2. f4 d5 3. e5 c5 4. Nf3 Nc6 5. c3 Nh6 6. Na3 Nf5 7. Nc2 Be7 8. Bd3
O-O 9. O-O h6 10. Ne3 Nxe3 11. dxe3 f5 12. exf6 Bxf6 13. Bd2 e5 14. fxe5 Nxe5
15. Nxe5 Bxe5 16. Qh5 Bf6 17. Qg6 Bd7 18. Rf3 Be8 19. Qh7+ Kf7 20. Rxf6+ Kxf6
21. Rf1+ Ke7 22. Qxg7+ Rf7 23. Qe5+ Kf8 24. e4 Rxf1+ 25. Kxf1 dxe4 26. Bxh6+
Kf7 27. Qf5+ Qf6 28. Bc4+ 1-0

[Event "4. Torneo de Promoción C.A. Mar Menor"]
[Site "San Pedro del Pinatar ESP"]
[Date "2013.01.12"]
[Round "4.9"]
[White "Gonzalez Del Campo, Diego"]
[Black "Rubio Tapia, Jose Juan"]
[Result "0-1"]
[WhiteElo "1942"]
[BlackElo "2113"]
[PlyCount "66"]
[EventDate "2013.01.11"]
[EventType "swiss"]
[EventRounds "7"]
[EventCountry "ESP"]
[Source "lmi"]
[SourceDate "2013.01.11"]

1. d4 Nf6 2. c4 g6 3. Nc3 Bg7 4. e4 d6 5. Nf3 O-O 6. Be2 e5 7. Bg5 h6 8. Bh4 g5
9. dxe5 gxh4 10. exf6 Bxf6 11. Qd2 Bg5 12. Nxg5 hxg5 13. O-O-O Nc6 14. f4 f6
15. f5 Kg7 16. Bh5 Rh8 17. Qe2 Bd7 18. c5 dxc5 19. g4 Ne5 20. Rd5 Qe7 21. Rhd1
Bc6 22. Qf2 b6 23. h3 Rad8 24. R5d2 c4 25. Kc2 Rd3 26. Qf1 Rhd8 27. Qg2 Qc5 28.
Rxd3 cxd3+ 29. Kb1 Nc4 30. Qh2 Rd6 31. b3 Ne3 32. Rd2 Qxc3 33. e5 Qxe5 0-1

[Event "4. Torneo de Promoción C.A. Mar Menor"]
[Site "San Pedro del Pinatar ESP"]
[Date "2013.01.12"]
[Round "4.10"]
[White "Donado-Mazarron Gomez, Miguel"]
[Black "Navarro Martinez, Daniel"]
[Result "1-0"]
[WhiteElo "2104"]
[BlackElo "1886"]
[PlyCount "77"]
[EventDate "2013.01.11"]
[EventType "swiss"]
[EventRounds "7"]
[EventCountry "ESP"]
[Source "lmi"]
[SourceDate "2013.01.11"]

1. Nc3 e5 2. Nf3 Nc6 3. d4 exd4 4. Nxd4 Nf6 5. Bg5 Bb4 6. Qd3 O-O 7. O-O-O Bxc3
8. bxc3 Ne5 9. Qg3 Ne4 10. Bxd8 Nxg3 11. hxg3 Rxd8 12. Nb5 d6 13. Nxc7 Rb8 14.
e4 Bg4 15. f3 Nxf3 16. gxf3 Bxf3 17. Bh3 Bxh1 18. Rxh1 b5 19. Nd5 Kf8 20. Kd2
Re8 21. Kd3 Re5 22. Bd7 h6 23. Ke3 a6 24. Kd3 Rd8 25. Bc6 Kg8 26. Rf1 g6 27.
Bb7 Kg7 28. Bxa6 f5 29. Bxb5 Rxe4 30. a4 Rc8 31. a5 Ra8 32. a6 Ra7 33. Nb4 Re5
34. c4 Rc5 35. Ra1 g5 36. Nc6 Ra8 37. a7 h5 38. Nd4 d5 39. Ne6+ 1-0

[Event "4. Torneo de Promoción C.A. Mar Menor"]
[Site "San Pedro del Pinatar ESP"]
[Date "2013.01.12"]
[Round "5.1"]
[White "Sanchez Botella, Luis Javier"]
[Black "Moreno Valle, Agustin"]
[Result "1-0"]
[WhiteElo "2196"]
[BlackElo "2046"]
[PlyCount "145"]
[EventDate "2013.01.11"]
[EventType "swiss"]
[EventRounds "7"]
[EventCountry "ESP"]
[Source "lmi"]
[SourceDate "2013.01.11"]

1. d4 d5 2. c4 e6 3. Nf3 Nf6 4. Nc3 c6 5. Bg5 Be7 6. e3 O-O 7. Qc2 Nbd7 8. Rd1
b6 9. cxd5 exd5 10. Bd3 Bb7 11. O-O h6 12. Bh4 Re8 13. a3 Bd6 14. b4 a5 15. b5
c5 16. dxc5 Bxc5 17. a4 Qc7 18. Rc1 Ne4 19. Ne2 Rac8 20. Bg3 Nxg3 21. Nxg3 Qd6
22. Nf5 Qf6 23. Qa2 Bf8 24. N5d4 Nc5 25. Bc2 Bd6 26. Bb3 Nd3 27. Rcd1 Nb4 28.
Qd2 Red8 29. Rc1 Bc5 30. Bd1 Rd7 31. Be2 Rdc7 32. Nb3 Be7 33. Nfd4 g6 34. Bg4
Rxc1 35. Nxc1 Rc4 36. Be2 Rc7 37. Rd1 Qd6 38. Ncb3 Qd8 39. f4 Qe8 40. Rf1 Bf6
41. Bf3 Bc8 42. Rc1 Rxc1+ 43. Qxc1 Bd7 44. Qd2 Qc8 45. Kf2 Qc4 46. Be2 Qc8 47.
g3 Kf8 48. h4 h5 49. Na1 Qd8 50. Nac2 Nxc2 51. Nxc2 Bc8 52. Bf3 Be6 53. Nd4 Qd6
54. Qc3 Bd8 55. Nxe6+ fxe6 56. Qh8+ Kf7 57. Qh7+ Kf6 58. Be2 Qe7 59. Qh8+ Kf7
60. Bd3 Qf6 61. Qh7+ Qg7 62. Bxg6+ Kf6 63. Qxg7+ Kxg7 64. Bxh5 Bf6 65. Bd1 Kh6
66. Kg2 Kg6 67. Kh3 Bc3 68. Bc2+ Kh6 69. Kg4 Bb2 70. Kf3 Kh5 71. Bh7 e5 72. f5
Bc3 73. Bg6+ 1-0

[Event "4. Torneo de Promoción C.A. Mar Menor"]
[Site "San Pedro del Pinatar ESP"]
[Date "2013.01.12"]
[Round "5.2"]
[White "Burriel, Carlos"]
[Black "Verdaguer Muntanya, Marc"]
[Result "1/2-1/2"]
[WhiteElo "2136"]
[BlackElo "2111"]
[PlyCount "92"]
[EventDate "2013.01.11"]
[EventType "swiss"]
[EventRounds "7"]
[EventCountry "ESP"]
[Source "lmi"]
[SourceDate "2013.01.11"]

1. d4 Nf6 2. c4 c5 3. d5 e5 4. Nc3 d6 5. e4 Nbd7 6. h3 Be7 7. Bd3 O-O 8. Nge2
Ne8 9. g4 Bg5 10. Ng3 a6 11. a4 b6 12. Nce2 Ra7 13. Bd2 a5 14. Kf1 Nb8 15. Kg2
Na6 16. Ra3 Bxd2 17. Qxd2 Nb4 18. Rc3 g6 19. Bb1 f6 20. f3 Ng7 21. Rcc1 Raf7
22. f4 exf4 23. Qxf4 Qe7 24. Nc3 Qe5 25. Qxe5 fxe5 26. Rcf1 Bd7 27. Rxf7 Rxf7
28. Rf1 Rxf1 29. Nxf1 h5 30. Ne3 hxg4 31. hxg4 Kf7 32. Kg3 Na6 33. Kh4 Kf6 34.
Nb5 g5+ 35. Kg3 Bxb5 36. cxb5 Nb8 37. Nc4 Nd7 38. Nxd6 Ke7 39. Nc4 Ne8 40. Ne3
Nd6 41. b3 Kf6 42. Kf3 Ke7 43. Bd3 Kf6 44. Bc4 Ke7 45. Nf1 Nf6 46. Ng3 Kd8
1/2-1/2

[Event "4. Torneo de Promoción C.A. Mar Menor"]
[Site "San Pedro del Pinatar ESP"]
[Date "2013.01.12"]
[Round "5.3"]
[White "Picazo Lopez, Juan Antonio"]
[Black "Diaz Rodriguez, Jose Antonio"]
[Result "1-0"]
[WhiteElo "2170"]
[BlackElo "2097"]
[PlyCount "85"]
[EventDate "2013.01.11"]
[EventType "swiss"]
[EventRounds "7"]
[EventCountry "ESP"]
[Source "lmi"]
[SourceDate "2013.01.11"]

1. d4 d5 2. c4 e6 3. cxd5 exd5 4. Nc3 Nf6 5. Bg5 Be7 6. e3 O-O 7. Qc2 c6 8. Bd3
Nbd7 9. Nge2 Re8 10. O-O Nf8 11. Rab1 Ng6 12. b4 Ng4 13. Bxe7 Qxe7 14. h3 Nf6
15. b5 Ne4 16. bxc6 bxc6 17. Bxe4 dxe4 18. Ng3 Ba6 19. Ncxe4 Bxf1 20. Kxf1 Qe6
21. Rc1 Ne7 22. Nc5 Qd5 23. Ne2 Rab8 24. e4 Qd8 25. f4 Rb6 26. f5 Qc7 27. e5
Nd5 28. Qe4 Qe7 29. Nf4 Qg5 30. Ncd3 Qg3 31. Re1 Nxf4 32. Nxf4 Rb2 33. Ne2 Qa3
34. Qxc6 Reb8 35. d5 Qe3 36. e6 Rxe2 37. exf7+ Kh8 38. f8=Q+ Rxf8 39. Rxe2
Rxf5+ 40. Ke1 Qg1+ 41. Kd2 Qd4+ 42. Kc2 h6 43. Qc8+ 1-0

[Event "4. Torneo de Promoción C.A. Mar Menor"]
[Site "San Pedro del Pinatar ESP"]
[Date "2013.01.12"]
[Round "5.4"]
[White "Hostalet Ferrer, Pedro Enrique"]
[Black "Sabater Sanchez, Asensio"]
[Result "1-0"]
[WhiteElo "2032"]
[BlackElo "2127"]
[PlyCount "61"]
[EventDate "2013.01.11"]
[EventType "swiss"]
[EventRounds "7"]
[EventCountry "ESP"]
[Source "lmi"]
[SourceDate "2013.01.11"]

1. d4 Nf6 2. c4 c5 3. e3 e6 4. Nc3 d5 5. Nf3 Nc6 6. a3 a6 7. dxc5 Bxc5 8. b4
Be7 9. cxd5 exd5 10. Be2 O-O 11. O-O Be6 12. Bb2 Qb6 13. Na4 Qa7 14. Rc1 Rac8
15. Nd4 Bd7 16. Nc5 Rfd8 17. Nxd7 Rxd7 18. Nf5 Bd8 19. Nxg7 d4 20. Bg4 Nxg4 21.
Qxg4 Ne5 22. Qf5 Rxc1 23. Rxc1 Kxg7 24. Bxd4 Rxd4 25. Qxe5+ Bf6 26. Qg3+ Kf8
27. exd4 Qxd4 28. Qe3 Qb2 29. Qh6+ Bg7 30. Qd6+ Kg8 31. Rc8+ 1-0

[Event "4. Torneo de Promoción C.A. Mar Menor"]
[Site "San Pedro del Pinatar ESP"]
[Date "2013.01.12"]
[Round "5.5"]
[White "Castilla Leon Salas, Carlos"]
[Black "Martinez Vicente, Gregorio"]
[Result "1-0"]
[WhiteElo "2127"]
[BlackElo "1997"]
[PlyCount "112"]
[EventDate "2013.01.11"]
[EventType "swiss"]
[EventRounds "7"]
[EventCountry "ESP"]
[Source "lmi"]
[SourceDate "2013.01.11"]

1. d4 g6 2. c4 Bg7 3. Nc3 d6 4. e4 Nc6 5. Be3 e5 6. d5 Nce7 7. g4 f5 8. gxf5
gxf5 9. Qh5+ Kf8 10. Bh3 Nf6 11. Qf3 f4 12. Bd2 c6 13. O-O-O cxd5 14. cxd5 b5
15. Kb1 b4 16. Nce2 a5 17. Rc1 Bd7 18. Bxd7 Qxd7 19. h4 Qg4 20. Qxg4 Nxg4 21.
Nh3 h6 22. Rc7 Nf6 23. f3 Ne8 24. Rd7 Bf6 25. h5 Rg8 26. Rh2 Ra6 27. Kc2 Kf7
28. Nf2 Bg5 29. Kb3 Nf6 30. Rc7 Rc8 31. Rxc8 Nxc8 32. Rh1 Ke7 33. Nd3 Kd7 34.
Be1 Kc7 35. Bf2 Nb6 36. Ng1 Nbd7 37. Ka4 Ra8 38. Nh3 Nh7 39. Rc1+ Kb7 40. Rc6
Ra6 41. Kb5 Nb8 42. Rb6+ Rxb6+ 43. Bxb6 Be7 44. Bxa5 Nf6 45. Bxb4 Nxh5 46. Nxe5
Na6 47. Ng6 Nxb4 48. Kxb4 Bf6 49. b3 Bg5 50. Kb5 Nf6 51. Ngxf4 Bxf4 52. Nxf4 h5
53. Ng6 Kc7 54. a4 Nd7 55. a5 Ne5 56. Nxe5 dxe5 1-0

[Event "4. Torneo de Promoción C.A. Mar Menor"]
[Site "San Pedro del Pinatar ESP"]
[Date "2013.01.12"]
[Round "5.6"]
[White "Picazo Gonzalez, Alejandro"]
[Black "Barrios Muñoz, Rafael Carlos"]
[Result "0-1"]
[WhiteElo "2005"]
[BlackElo "2126"]
[PlyCount "62"]
[EventDate "2013.01.11"]
[EventType "swiss"]
[EventRounds "7"]
[EventCountry "ESP"]
[Source "lmi"]
[SourceDate "2013.01.11"]

1. e4 c5 2. c3 d6 3. d4 Qc7 4. Bd3 Nf6 5. Nf3 e5 6. h3 g6 7. O-O Bg7 8. Be3 O-O
9. Nbd2 Nbd7 10. a4 Rb8 11. a5 Re8 12. d5 Nh5 13. Re1 Nf4 14. Nc4 Nxd3 15. Qxd3
Nf8 16. b4 b6 17. axb6 axb6 18. bxc5 bxc5 19. Na5 f5 20. Nc6 fxe4 21. Qxe4 Bf5
22. Qh4 Rb7 23. Nd2 h5 24. g4 hxg4 25. hxg4 Bd3 26. Bh6 Bxh6 27. Qxh6 Qf7 28.
c4 e4 29. Re3 Qf6 30. Rae1 Rh7 31. Rf3 exf3 0-1

[Event "4. Torneo de Promoción C.A. Mar Menor"]
[Site "San Pedro del Pinatar ESP"]
[Date "2013.01.12"]
[Round "5.7"]
[White "Rubio Tapia, Jose Juan"]
[Black "Serarols Mabras, Bernat"]
[Result "1/2-1/2"]
[WhiteElo "2113"]
[BlackElo "2023"]
[PlyCount "116"]
[EventDate "2013.01.11"]
[EventType "swiss"]
[EventRounds "7"]
[EventCountry "ESP"]
[Source "lmi"]
[SourceDate "2013.01.11"]

1. d4 Nf6 2. c4 e6 3. Nf3 d5 4. Nc3 Bb4 5. Bg5 Nbd7 6. Bxf6 Qxf6 7. e3 c5 8.
cxd5 exd5 9. Qb3 Bxc3+ 10. bxc3 c4 11. Qb5 Qd6 12. Be2 a6 13. Qb2 O-O 14. O-O
Re8 15. a4 b6 16. Nd2 Nf6 17. Bf3 Bf5 18. g3 Rab8 19. Rfc1 h6 20. Bg2 Re7 21.
Nf3 Reb7 22. Ne5 b5 23. axb5 axb5 24. Ra5 b4 25. Nxc4 Qd8 26. Rc5 bxc3 27. Qxc3
Rb3 28. Qa5 dxc4 29. Qxd8+ Rxd8 30. Rxf5 Rc8 31. Rc5 Rxc5 32. dxc5 c3 33. c6
Ne8 34. Kf1 Kf8 35. Ke2 Rb2+ 36. Ke1 Rb3 37. Rc2 Nc7 38. Ke2 Ke7 39. Kd3 Nb5
40. Bd5 Rb2 41. Bc4 Nd6 42. Rxc3 Rxf2 43. h4 Nxc4 44. Rxc4 Kd8 45. c7+ Kc8 46.
Ke4 Rd2 47. g4 Rd7 48. g5 hxg5 49. hxg5 Rxc7 50. Kd5 Rxc4 51. Kxc4 Kd7 52. Kd4
Ke7 53. Ke5 f6+ 54. Kf5 fxg5 55. Kxg5 Ke6 56. Kg6 Ke5 57. Kxg7 Ke4 58. Kf6 Kxe3
1/2-1/2

[Event "4. Torneo de Promoción C.A. Mar Menor"]
[Site "San Pedro del Pinatar ESP"]
[Date "2013.01.12"]
[Round "5.8"]
[White "Fabre Massana, Miquel"]
[Black "Garcia Martinez, Marcos"]
[Result "1/2-1/2"]
[WhiteElo "2110"]
[BlackElo "1878"]
[PlyCount "38"]
[EventDate "2013.01.11"]
[EventType "swiss"]
[EventRounds "7"]
[EventCountry "ESP"]
[Source "lmi"]
[SourceDate "2013.01.11"]

1. e4 e6 2. d4 d5 3. Nd2 Nf6 4. e5 Nfd7 5. Bd3 c5 6. c3 Nc6 7. Ne2 Be7 8. O-O
cxd4 9. cxd4 Nb6 10. f4 g6 11. Nf3 Bd7 12. Bd2 a5 13. Rc1 Nb4 14. Bb1 Nc4 15.
Bxb4 axb4 16. Qe1 Ne3 17. Rf2 Ng4 18. Rf1 Ne3 19. Rf2 Ng4 1/2-1/2